| 000 | 00362pab a2200145 454500 | ||
|---|---|---|---|
| 008 | 180718b2007 xxu||||| |||| 00| 0 eng d | ||
| 100 | _aEscriba-Folch, Abel | ||
| 245 | _aEconomic growth and potential punishment under dictatorship | ||
| 260 | _c2007 | ||
| 300 | _ap.187-210. | ||
| 650 | _aEconomic growth | ||
| 773 | _aKyklos | ||
| 908 | _aN | ||
| 909 | _a74599 | ||
| 999 |
_c74599 _d74599 |
||